Orfebrería y chamanismo (Registro nro. 9441)

Detalles MARC
000 -CABECERA
Longitud fija campo de control 01297cam a2200337 a 4500
003 - • IDENTIFICADOR DELl NÚMERO DE CONTROL
Identificador del número de control CO-BoRNBP
005 - • FECHA Y HORA DE LA ÚLTIMA TRANSACCIÓN
Fecha y hora de la última transacción 20230427145631.0
007 - • CAMPO FIJO DE DESCRIPCIÓN FÍSICA
Campo fijo de descripción física ta
008 - • CÓDIGOS DE INFORMACIÓN DE LONGITUD FIJA
Códigos de información de longitud fija 050531s2005 ck bfo gr 00010 spa d
020 ## - • NÚMERO INTERNACIONAL NORMALIZADO PARA LIBROS
Número Internacional Normalizado para Libros (ISBN) 9588156629
040 ## - FUENTE DE LA CATALOGACIÓN
Centro catalogador de origen CO-BoRNBP
Lengua de catalogación spa
Normas de descripción rda
Centro transcriptor CO-BoRNBP
041 0# - • CÓDIGO DE LENGUA
Código de lengua del texto/banda sonora o título independiente spa
043 ## - CÓDIGO DE ÁREA GEOGRÁFICA
Código de área geográfica s-ck---
082 04 - • NÚMERO DE LA CLASIFICACIÓN DECIMAL DEWEY
Número de clasificación (R) R 739.22
Número del ítem R23o
100 10 - • PUNTO DE ACCESO PRINCIPAL-NOMBRE DE PERSONA
Nombre de persona Reichel-Dolmatoff, Gerardo,
Fechas asociadas al nombre 1912-1994
245 10 - • TITULO PROPIAMENTE DICHO
Título Orfebrería y chamanismo
Resto del título un estudio iconográfico del Museo del Oro del Banco de la República, Colombia
Mención de responsabilidad, etc. Gerardo Reichel-Dolmatoff ; fotografía Rudolf Schrimp ; Dirección editorial y diseño Benjamín Villegas
250 ## - • MENCIÓN DE EDICIÓN
Mención de edición 2a. edición
264 ## - PRODUCCIÓN, PUBLICACIÓN , DISTRIBUCIÓN, FABRICACIÓN Y COPYRIGHT
Lugar de producción, publicación, distribución, fabricación Bogotá
Nombre del productor, editor, distribuidor, fabricante Villegas Editores
Fecha de de producción, publicación, distribución, fabricación o copyright 2005
300 ## - • DESCRIPCIÓN FÍSICA
Extensión 287 páginas
Otras características físicas ilustraciones y fotografías en color
Dimensiones 31 cm.
336 ## - TIPO DE CONTENIDO
Término de tipo de contenido texto
Código de tipo de contenido txt
Fuente rdacontent
337 ## - TIPO DE MEDIO
Nombre del tipo de medio sin mediación
Código del tipo de medio n
Fuente rdamedia
338 ## - TIPO DE SOPORTE
Nombre del tipo de soporte volumen
Código del tipo de soporte nc
Fuente rdacarrier
500 ## - • NOTA GENERAL
Nota general Donación Villegas Editores
650 14 - • PUNTO DE ACCESO ADICIONAL DE MATERIA - TÉRMINO DE MATERIA
Término de materia o nombre geográfico como elemento inicial Orfebrería
Subdivisión geográfica Colombia
Fuente del encabezamiento o término LEMB
650 14 - • PUNTO DE ACCESO ADICIONAL DE MATERIA - TÉRMINO DE MATERIA
Término de materia o nombre geográfico como elemento inicial Arte indígena
Subdivisión geográfica Colombia
Fuente del encabezamiento o término LEMB
650 #4 - • PUNTO DE ACCESO ADICIONAL DE MATERIA - TÉRMINO DE MATERIA
Término de materia o nombre geográfico como elemento inicial Chamanismo
Subdivisión geográfica Colombia.
Fuente del encabezamiento o término LEMB
650 ## - • PUNTO DE ACCESO ADICIONAL DE MATERIA - TÉRMINO DE MATERIA
Término de materia o nombre geográfico como elemento inicial Arte precolombino
Subdivisión geográfica Colombia.
Fuente del encabezamiento o término LEMB
700 10 - • PUNTO DE ACCESO ADICIONAL - NOMBRE DE PERSONA
Nombre de persona Schrimpff, Rudolf,
Fechas asociadas al nombre 1943-2005
Término indicativo de función fotógrafo
700 10 - • PUNTO DE ACCESO ADICIONAL - NOMBRE DE PERSONA
Nombre de persona Villegas, Benjamín,
Fechas asociadas al nombre 1948-
Término indicativo de función editor
942 ## - ENTRADA DE ELEMENTOS AGREGADOS (KOHA)
Fuente de clasificaión o esquema Dewey Decimal Classification
Koha [por defecto] tipo de item Libro Referencia
Existencias
Perdido Fuente de clasificación o esquema Estado Físico No para préstamo Forma de adquisición Localización permanente Localización actual Localización en estanterías Fecha adquisición Préstamos totales Signatura completa Código de barras Fecha última consulta Número de copia Fecha del precio de reemplazo Tipo de item de Koha
  Dewey Decimal Classification     Colección General Biblioteca Pública Dorado Biblioteca Pública Dorado Referencia 05/08/2023   R 739.22 R23o DOR02899 05/08/2023 Ej.1 05/08/2023 Libro Referencia
  Dewey Decimal Classification     Colección General Biblioteca Pública José Eustasio Rivera - San Martin Biblioteca Pública José Eustasio Rivera - San Martin Literatura 07/27/2023   R 739.22 R23o SM002230 07/27/2023 Ej.1 07/27/2023 LIbro
  Dewey Decimal Classification     Infantil Biblioteca Pública San Carlos de Guaroa - Eduardo Carranza Biblioteca Pública San Carlos de Guaroa - Eduardo Carranza Referencia 10/31/2024   R 739.22 R23o SG02144 10/31/2024 Ej.1 10/31/2024 Libro Referencia
  Dewey Decimal Classification     Colección General Biblioteca Pública San Carlos de Guaroa - Eduardo Carranza Biblioteca Pública San Carlos de Guaroa - Eduardo Carranza Referencia 02/24/2025   R 739.22 R23o SG02438 02/24/2025 Ej.1 02/24/2025 Libro Referencia
  Dewey Decimal Classification     Colección General Biblioteca Pública Guamal Biblioteca Pública Guamal Referencia 04/27/2023   R 739.22 R23o GUA003433 04/27/2023 Ej.1 04/27/2023 Libro Referencia
  Dewey Decimal Classification     Colección General Biblioteca Pública Guamal Biblioteca Pública Guamal Referencia 04/27/2023   R 739.22 R23o GUA003434 04/27/2023 Ej.1 04/27/2023 Libro Referencia
  Dewey Decimal Classification     Colección General Biblioteca Pública La Macarena Biblioteca Pública La Macarena General 11/06/2025   R 739.22 R23o LM03569 11/06/2025 Ej.1 11/06/2025 Libro Referencia
  Dewey Decimal Classification     Sala Referencia Biblioteca Pública Mapiripan Biblioteca Pública Mapiripan Referencia 01/11/2024   R 739.22 R23o MAP00001278 01/11/2024 Ej.1 01/11/2024 Libro Referencia
  Dewey Decimal Classification     Sala Referencia Biblioteca Pública Mapiripan Biblioteca Pública Mapiripan Referencia 01/11/2024   R 739.22 R23o MAP00001279 01/11/2024 Ej.1 01/11/2024 Libro Referencia









Instituto Departamental de Cultura del Meta - Red Departamental de Bibliotecas Públicas del Meta.